|
|
|
|
| LEADER |
00000nam a22000007a 4500 |
| 005 |
20220913023635.0 |
| 007 |
cr|||| |||| |
| 008 |
220913s2022 es |||||s|||| 00||0 spa d |
| 020 |
|
|
|a 978-84-1122-265-5
|
| 035 |
|
|
|a 37081
|
| 040 |
|
|
|a vLex
|
| 090 |
|
|
|c 13895
|d 13895
|
| 245 |
0 |
0 |
|a Ley sobre trf̀ico, circulacin̤ de vehc̕ulos a motor y seguridad vial
|h [Recurso electrn̤ico] /
|
| 256 |
|
|
|a Servicio en ln̕ea
|
| 260 |
|
|
|a Madrid:
|b Dykinson,
|c 2022
|
| 300 |
|
|
|a 1 recurso electrn̤ico
|
| 506 |
1 |
|
|a Disponible solo en los productos indicados
|d vLex Global
|d vLex Global (Academic Edition, excluding Law Schools)
|d vLex Global (U.S. Academic Edition, Law Schools)
|d vLex Global (U.S. Academic Edition, excluding Law Schools)
|d vLex Global (Academic Edition, Law Schools)
|
| 650 |
0 |
4 |
|a Trf̀ico
|z Espaą
|
| 740 |
0 |
|
|a vLex Libros (Servicio en ln̕ea)
|
| 856 |
4 |
0 |
|u https://app.vlex.com/#/sources/37081
|z Acceso restringido
|
| 942 |
|
|
|c BOOK
|
| 999 |
0 |
|
|a Traffic
|